<?xml version="1.0" encoding="UTF-8"?>
<record
    xmlns:xsi="http://www.w3.org/2001/XMLSchema-instance"
    xsi:schemaLocation="http://www.loc.gov/MARC21/slim http://www.loc.gov/standards/marcxml/schema/MARC21slim.xsd"
    xmlns="http://www.loc.gov/MARC21/slim">

  <leader>00592nam a22001217a 4500</leader>
  <datafield tag="040" ind1=" " ind2=" ">
    <subfield code="c">RUA</subfield>
  </datafield>
  <datafield tag="082" ind1=" " ind2=" ">
    <subfield code="a">VEM CHE 2025 B705 Or.1</subfield>
  </datafield>
  <datafield tag="100" ind1=" " ind2=" ">
    <subfield code="a">CHEN KENG, &#x1787;&#x17B7;&#x1793; &#x1780;&#x17C1;&#x1784;</subfield>
  </datafield>
  <datafield tag="245" ind1=" " ind2=" ">
    <subfield code="a">  Canine Gastro-Intestinal Parasite At Koh Khsach Tonlea Commune, Saang District, Kandal Province, &#x1794;&#x179A;&#x17B6;&#x179F;&#x17B7;&#x178F;&#x1780;&#x17D2;&#x1793;&#x17BB;&#x1784;&#x1780;&#x17D2;&#x179A;&#x1796;&#x17C7;&#x1796;&#x17C4;&#x17C7;&#x179C;&#x17C0;&#x1793;&#x179F;&#x17BB;&#x1793;&#x1781; &#x1793;&#x17C5;&#x1783;&#x17BB;&#x17C6;&#x1780;&#x17C4;&#x17C7;&#x1781;&#x17D2;&#x179F;&#x17B6;&#x1785;&#x17CB;&#x1791;&#x1793;&#x17D2;&#x179B;&#x17B6; &#x179F;&#x17D2;&#x179A;&#x17BB;&#x1780;&#x179F;&#x17D2;&#x17A2;&#x17B6;&#x1784; &#x1781;&#x17C1;&#x178F;&#x17D2;&#x178F;&#x1780;&#x178E;&#x17D2;&#x178A;&#x17B6;&#x179B;.</subfield>
  </datafield>
  <datafield tag="260" ind1=" " ind2=" ">
    <subfield code="a">PHNOM PENH</subfield>
    <subfield code="b">RUA</subfield>
    <subfield code="c">2025</subfield>
  </datafield>
  <datafield tag="300" ind1=" " ind2=" ">
    <subfield code="a">x, 55p.</subfield>
    <subfield code="b">ill.</subfield>
    <subfield code="c">29cm.</subfield>
  </datafield>
  <datafield tag="942" ind1=" " ind2=" ">
    <subfield code="c">&#x179F;&#x17B6;&#x179A;&#x178E;&#x17B6;&#x1794;&#x1791;</subfield>
  </datafield>
  <datafield tag="999" ind1=" " ind2=" ">
    <subfield code="c">25569</subfield>
    <subfield code="d">25569</subfield>
  </datafield>
  <datafield tag="952" ind1=" " ind2=" ">
    <subfield code="0">0</subfield>
    <subfield code="1">0</subfield>
    <subfield code="4">0</subfield>
    <subfield code="6">VEM_CHE_2025_000000000000000_B705_OR_1</subfield>
    <subfield code="7">0</subfield>
    <subfield code="9">105990</subfield>
    <subfield code="a">LBB</subfield>
    <subfield code="b">LBB</subfield>
    <subfield code="c">B705</subfield>
    <subfield code="d">2026-03-12</subfield>
    <subfield code="o">VEM CHE 2025 B705 Or.1</subfield>
    <subfield code="p">C034407</subfield>
    <subfield code="r">2026-03-12</subfield>
    <subfield code="y">&#x179F;&#x17B6;&#x179A;&#x178E;&#x17B6;&#x1794;&#x1791;</subfield>
  </datafield>
  <datafield tag="952" ind1=" " ind2=" ">
    <subfield code="0">0</subfield>
    <subfield code="1">0</subfield>
    <subfield code="4">0</subfield>
    <subfield code="6">VEM_CHE_2025_000000000000000_B705_OR_2</subfield>
    <subfield code="7">0</subfield>
    <subfield code="9">105991</subfield>
    <subfield code="a">LBB</subfield>
    <subfield code="b">LBB</subfield>
    <subfield code="c">B705</subfield>
    <subfield code="d">2026-03-12</subfield>
    <subfield code="l">1</subfield>
    <subfield code="o">VEM CHE 2025 B705 Or.2</subfield>
    <subfield code="p">C034511</subfield>
    <subfield code="r">2026-05-23</subfield>
    <subfield code="s">2026-04-08</subfield>
    <subfield code="y">&#x179F;&#x17B6;&#x179A;&#x178E;&#x17B6;&#x1794;&#x1791;</subfield>
  </datafield>
</record>
